Practical laboratory mycology

Αποθηκεύτηκε σε:
Λεπτομέρειες βιβλιογραφικής εγγραφής
Κύριοι συγγραφείς: Koneman, Elmer W (Συγγραφέας), Fann, Sarah (Συγγραφέας)
Μορφή: Βιβλίο
Γλώσσα:Αγγλικά
Έκδοση: Nueva York Medcom Press 1971
Θέματα:
Ετικέτες: Προσθήκη ετικέτας
Δεν υπάρχουν, Καταχωρήστε ετικέτα πρώτοι!

MARC

LEADER 00000nam a2200000 a 4500
001 UCR6659
003 CL-VaPUC
008 980423e19710000US |||||||||||||||||eng|d
082 0 4 |a 589.2  |b KON  |2 21 
100 |a Koneman, Elmer W  |e author  |9 597478 
700 0 |a Fann, Sarah  |e author  |9 407629 
245 1 0 |a Practical laboratory mycology 
300 |a 57 p 
942 |c BK 
945 |d 19980423 00:00:00  |a crobeson 
260 |a Nueva York  |b Medcom Press  |c 1971 
650 0 |a Micología  |9 326258 
650 0 |a Hongos  |9 261629 
650 0 |a Taxonomia  |9 341054 
650 7 |a LABORATORIOS DE ANALISIS  |2 CL-VaPUC  |9 407630 
583 |a last modification  |c 19980423 00:00:00  |k Rodrigo Vera 
999 |c 268609  |d 268607 
952 |0 0  |1 0  |4 0  |6 589_200000000000000_KON_1971  |7 0  |8 A  |9 301824  |a BIBALI  |b BIBALI  |c GEN  |d 2019-11-20  |i 1981110  |o 589.2 KON 1971  |p 1981110  |r 2025-01-20  |w 2019-11-20  |y BK  |k ALI